Peces del Pacífico oriental tropical / (Registro nro. 2405)

Detalles MARC
000 -CABECERA
Campo de control 00739nam a2200229 I 4500
005 - FECHA Y HORA DE LA ULTIMA TRANSACCION
Campo de control 20160107083131.0
008 - ELEMENTOS DE LONGITUD FIJA—INFORMACION GENERAL
Campo de control 140305s ||||| |||| 00| 0 spa d
020 ## - ISBN
ISBN 9696397547
040 ## - FUENTE DE CATALOGACIÓN
Agencia catalogadora original CO-BoIAVH
Agencia transcriptora CO-BoIAVH
041 1# - IDIOMA
Código de idioma para texto/pista de sonido o título separado Español
044 ## - PAÍS DE PUBLICACIÓN
País de publicación Estados Unidos
082 04 - NUMERO DE CLASIFICACION DECIMAL DEWEY
Número de clasificación 597.09164
Número del ítem A42
100 1# - ASIENTO PRINCIPAL--NOMBRE PERSONAL
Nombre personal Allen, Gerald R.
9 (RLIN) 15800
245 10 - MENCION DE TITULO
Título Peces del Pacífico oriental tropical /
Mención de responsabilidad Gerald R. Allen, D. Ross Robertson ; traducción de Myrna I. López
260 ## - PUBLICACION, DISTRIBUCION, ETC. (PIE DE IMPRENTA)
Lugar de publicación, distribución, etc. México :
Nombre del editor, distribuidor, etc. CONABIO,
Fecha de publicación, distribución, etc. 1998.
300 ## - DESCRIPCION FISICA
Extensión 327 páginas :
Otros detalles físicos ilustraciones ;
Dimensiones 29 cm.
500 ## - NOTA GENERAL
Nota general Incluye índice.
650 ## - ASIENTO SECUNDARIO DE MATERIA - TERMINO TEMATICO
Término temático o nombre geográfico como elemento de entrada Peces
Subdivisión general Clasificación
9 (RLIN) 47846
650 ## - ASIENTO SECUNDARIO DE MATERIA - TERMINO TEMATICO
Término temático o nombre geográfico como elemento de entrada Peces
Subdivisión general Identificación
9 (RLIN) 47847
700 1# - ASIENTO SECUNDARIO - NOMBRE PERSONAL
Nombre personal Robertson, D. Ross
Término de relación autor
9 (RLIN) 15802
942 ## - ELEMENTOS ADICIONALES (KOHA)
Tipo de ítem Libro
Sistema de clasificación Dewey Decimal Classification
Existencias
Withdrawn status Lost status Sistema de Clasificación Damaged status No para préstamo Colección Inventariado Ubicación Permanente Ubicación actual Fecha de adquisición Valor Total Checkouts Número topográfico Inventario / Código de Barras Date last seen Ejemplar Price effective from Forma de adquisición Tipo de material
    Dewey Decimal Classification     General Inventariado 2017 Bogotá Bogotá 04/12/2012 39000.00   LB-597.09164 A42 015868 04/12/2012 Ej. 1 04/12/2012   Libro